| 000 | 01002nam a22003257a 4500 | ||
|---|---|---|---|
| 001 | BR9902166 | ||
| 003 | BR-BrBNA | ||
| 005 | 20230928100312.0 | ||
| 007 | ta | ||
| 008 | 230509b bl.||||| |||| 00| 0 por d | ||
| 040 |
_aBR-BrBNA _bpor _cBiblioteca Nacional de Agricultura |
||
| 041 | _a(Por) | ||
| 072 |
_aL51 _b8140 |
||
| 090 | _ 8140 BR9902166 | ||
| 100 | 1 | _aSampaio, A.M.B. de M. | |
| 110 | 1 |
_aEscola Superior de Agricultura Luiz de Queiroz, Piracicaba, SP (Brasil) _0Tese (Mestre em Agronomia) |
|
| 245 | 1 | _aRelacao energia: proteina na nutricao do tucunare (Cichla sp) | |
| 260 | 3 |
_aPiracicaba, SP (Brasil): _c1998. |
|
| 300 | _a49 p. | ||
| 500 | _aSummaries (Eng, Por); Bibliography p. 36-41; 7 illus.; 16 tables | ||
| 650 | _aTucunare | ||
| 650 | _aProteina | ||
| 650 | _aExigencia Nutricional | ||
| 650 | _aRacao | ||
| 650 | _aComposicao de Alimento | ||
| 650 | _aBromatologia | ||
| 650 | _aFisiologia Nutricional | ||
| 909 |
_a202309 _bLucia _c55 _dLucia Elande |
||
| 942 | _cBK | ||
| 999 |
_c60870 _d60870 |
||